Legal aspects of the Kashmir problem (Record no. 402526)

000 -LEADER
fixed length control field 00528cam a22001577a 4500
008 - FIXED-LENGTH DATA ELEMENTS--GENERAL INFORMATION
fixed length control field 180718b2002 xxu||||| |||| 00| 0 eng d
020 ## - INTERNATIONAL STANDARD BOOK NUMBER
International Standard Book Number 8176621978
082 ## - DEWEY DECIMAL CLASSIFICATION NUMBER
Classification number A6x5431 R18
100 ## - MAIN ENTRY--PERSONAL NAME
Personal name Rao, H.S. Gururaja
245 ## - TITLE STATEMENT
Title Legal aspects of the Kashmir problem
Statement of responsibility, etc. by H.S. Gururaja Rao
260 ## - PUBLICATION, DISTRIBUTION, ETC.
Place of publication, distribution, etc. New Delhi
Name of publisher, distributor, etc. Minerva
Date of publication, distribution, etc. 2002
300 ## - PHYSICAL DESCRIPTION
Extent 595p.
650 ## - SUBJECT ADDED ENTRY--TOPICAL TERM
Topical term or geographic name entry element Jammu and Kashmir - Politics and government
650 ## - SUBJECT ADDED ENTRY--TOPICAL TERM
Topical term or geographic name entry element Political corruption - India - Jammu and Kashmir
650 ## - SUBJECT ADDED ENTRY--TOPICAL TERM
Topical term or geographic name entry element Jammu and Kashmir - History - Law and legislation
Holdings
Withdrawn status Lost status Damaged status Not for loan Permanent Location Current Location Date acquired Full call number Barcode Date last seen Price effective from Koha item type
        Indian Institute of Public Administration Indian Institute of Public Administration 2004-04-27 A6x5431 R18 79209 2018-07-21 2018-07-21 Book

Powered by Koha